Herkunftsländer von Schlagersängern - Statistiken

Allgemein
  • Dieses Quiz wurde 67 mal gespielt
  • Das Durchschnittsergebnis liegt bei 10 aus 13
Antwortstatistiken
Name Lied Land % Korrekt
Karel Gott Die Biene Maja Tschechien
90%
Vicky Leandros Theo, wir fahr’n nach Lodz Griechenland
86%
Heintje Mama Niederlande
86%
Mireille Mathieu An einem Sonntag in Avignon Frankreich
85%
Andy Borg Adios Amor Österreich
85%
Gitte Haenning Ich will ’nen Cowboy als Mann Dänemark
83%
Siw Malmkvist Liebeskummer lohnt sich nicht Schweden
78%
Wencke Myhre Er hat ein knallrotes Gummiboot Norwegen
76%
Cliff Richard Rote Lippen soll man küssen Vereinigtes Königreich
76%
Vico Torriani Kalkutta liegt am Ganges Schweiz
73%
Rita Pavone Arrivederci Hans Italien
71%
Rex Gildo Fiesta Mexicana Deutschland
68%
Wanda Jackson Santo Domingo Vereinigte Staaten
68%
Keine übereinstimmenden Quizze gefunden
Verteilung der Resultate
Anzahl Personen mit jedem Resultat
Perzentil nach korrekt beantworteten Fragen
Ihre Resultats-Entwicklung
Sie haben dieses Quiz noch nicht gespielt